000 00534nam a2200181Ia 4500
001 58536
008 150507n ii |||gr||||Z||||||465
020 _a978-81-224-3068-4
082 _a515.33
100 _aPrasad,
_ePhoolan.,
245 0 _aPartialDifferential Equations
_cPhoolan Prasad , Renuka Ravindran
_hTextual Documents
250 _aist ed - 1985.
260 _aNew Delhi
_bNew Age International ( P ) Limited
300 _a232p:
_c24cm.
653 _aPartialDifferential Equations
653 _aG - Math
942 _2ddc
_cBK
999 _c58429
_d58429